000 00532nam a2200169Ia 4500
003 GCL
008 140319s9999 xx 000 0 ara d
040 _aGCL /
_cGCL
082 0 4 _a272.1
_bم د
100 1 _aمنيس عبد النور
245 1 0 _aدراسة فى انجيل مرقس /
_cمنيس عبد النور
260 _a[S.N] :
_bدار الثقافة العربية ،
_c1989
300 _a155 ص
490 _aسلسلة كتب الدراسة الجامعية
_v0
650 0 4 _aانجيل مرقس
942 _2ddc
_cBK
999 _c55104
_d55104